000
00318nam a22001217a 4500
003
OSt
008
250109b |||||||| |||| 00| 0 eng d
041
_a
eng
100
_a
Balakrishna Pillai
_9
6894
245
_a
Agriculture among Tribal
260
_b
Directorate of Extension, Kerala Agricultural University
942
_c
BK
999
_c
18991
_d
18991